000 00896cab a2200253 4500
001 WB2839-47
008 090401t1992 xxu||||| |||| 00| 0 eng d
035 _a(Sirsi) u32867
041 _aeng
245 _aProtectionist tactics
260 _c1992
350 _a0
490 _aChartered Surveyor Weekly
_v41(2) 8 October 1992, 7(1)
520 _aRICS Secretary-General Michael Pattison has criticised three European countries including Belgium for trying to exclude chartered surveyors from their property markets by introducing qualifications which would not automatically accept chartered surveyors.
650 _aBELGIUM
650 _aABOUT RICS-RICS MEMBERS
650 _aEUROPE
650 _aMUTUAL RECOGNITION
650 _aPROFESSIONS
690 _aOVERSEAS-EUROPE
690 _aMANAGEMENT-BUSINESS MANAGEMENT-PROFESSIONAL PRACTICE
942 _n0
948 _c04/03/1997
999 _c21964
_d21964